Differential Equations : (Record no. 194716)

000 -LEADER
fixed length control field 01318 a2200193 4500
003 - CONTROL NUMBER IDENTIFIER
control field NUST
005 - DATE AND TIME OF LATEST TRANSACTION
control field 20221121135958.0
020 ## - INTERNATIONAL STANDARD BOOK NUMBER
International Standard Book Number 0-07-072197-1
040 ## - CATALOGING SOURCE
Transcribing agency Nust
082 ## - DEWEY DECIMAL CLASSIFICATION NUMBER
Classification number 515.353,ZIL
100 ## - MAIN ENTRY--PERSONAL NAME
Personal name Zill Dennis.G
9 (RLIN) 1266
245 ## - TITLE STATEMENT
Title Differential Equations :
Remainder of title with Boundary Value Problems /
Statement of responsibility, etc. Dennis G. Zill
250 ## - EDITION STATEMENT
Edition statement 3th ed
260 ## - PUBLICATION, DISTRIBUTION, ETC.
Place of publication, distribution, etc. Boston
Name of publisher, distributor, etc. PWS
Date of publication, distribution, etc. 1992
300 ## - PHYSICAL DESCRIPTION
Extent xv,775 p.:
505 ## - FORMATTED CONTENTS NOTE
Formatted contents note Introduction to Differential Equations (Page-1), First-Order Differential Equations (Page-33), Applications of First-Order Differential Equations (Page-87), Linear Differential Equations of Higher Order (Page-129), Applications of Second Order Differential Equations Vibration Models (Page-211), Differential Equations with Variable Coefficients (Page-257), Laplace Transform (Page-323), Systems of Linear Differential Equations (Page-389), Numerical Methods for Ordinary Differential Equations (Page-487), Plane Autonomous Systems and Stability (Page-543), Orthogonal Functions and (Page-597), Boundary Value Problems In Rectangular Coordinates (Page-643), Boundary Value Problems In other Coordinate Systems (Page-693), Integral Transform Method (Page-715), Numerical Methods for Partial Differential Equations (Page-747).
650 ## - SUBJECT ADDED ENTRY--TOPICAL TERM
Topical term or geographic name entry element Bioundary Value Peoblems
9 (RLIN) 103276
942 ## - ADDED ENTRY ELEMENTS (KOHA)
Source of classification or shelving scheme
Koha item type Book
Call number prefix 515.353,ZIL
Holdings
Withdrawn status Lost status Source of classification or shelving scheme Damaged status Not for loan Permanent Location Current Location Shelving location Date acquired Total Checkouts Full call number Barcode Date last seen Date last checked out Price effective from Koha item type Public note
          Military College of Signals (MCS) Military College of Signals (MCS) General Stacks 12/12/2016 5 515.353,ZIL MCS36375 07/08/2025 06/30/2025 12/12/2016 Book Almirah No.13, Shelf No.5
© 2023 Central Library, National University of Sciences and Technology. All Rights Reserved.